| 000 | 00489nam a2200157 i 4500 | ||
|---|---|---|---|
| 001 | 190140 | ||
| 003 | ES-MaACL | ||
| 005 | 20230906223642.0 | ||
| 008 | 200731s1841 xxk |||| | eng d | ||
| 080 | _a61(410) | ||
| 110 | 2 |
_aUniversity of London. _9170234 |
|
| 245 | 1 | 0 | _aRegulations of the University of London on the subject of examinations for degrees in Medicine. |
| 260 |
_a[London : _bs.n., _c1841] |
||
| 650 | 4 |
_aMedicina- _zGran BretaƱa. _9175679 |
|
| 852 | 4 |
_aES-MaACL _jT-21-F-13 |
|
| 999 |
_c190140 _d190140 |
||